| 000 | 00646nam a2200217 a 4500 | ||
|---|---|---|---|
| 005 | 20240704063754.0 | ||
| 008 | 010910s2000 r 000 0 eng d | ||
| 020 | _a9875380229 | ||
| 035 | _aUPN01000111180 | ||
| 049 | _aCG | ||
| 050 | 4 |
_aGV1828 _bJ3.4 |
|
| 100 | 1 | _aJara, Jesús | |
| 245 | 1 | 4 |
_aLos juegos teatrales del clown : _bnavegante de las emociones / _cJara, Jesús. |
| 260 |
_aBuenos Aires : _bNovedades Educativas, _c2000. |
||
| 300 |
_a124 p.: _bil. |
||
| 440 | 0 |
_arecursos didáticos. _pTeatro |
|
| 500 | _a"Proyecto en al escuela 2000" | ||
| 650 | 4 |
_aPAYASOS _911105 |
|
| 650 | 4 |
_aTeatro en la educación _95250 |
|
| 905 | _aLibro | ||
| 999 |
_c85089 _d85089 |
||